000 00736nam a2200253Ia 4500
001 18256
003 GE_BSU
008 181216s||||||||xx |||||||||||||| ||und||
020 _a9781472529589
040 _cGE_BSU
080 _a327
100 _aTudda, Chris.
245 _aCold War summits : a history, from Potsdam to Malta
260 _aLondon
260 _bBloomsbury Publishing
260 _c2015
300 _a225p.24cm.ill.
541 _h78 Gel.80 T.
653 _aCold War summits : a history, from Potsdam to Malta
653 _aისტორია
653 _aმსოფლიო პოლიტიკა
653 _aსაერთაშორისო ურთიერთობები
942 _cBK
999 _c51287
_d51287